Vplyv transferu manažérskych a technologických poznatkov na ekonomiku SR v období hospodárskej krízy
Vznik hospodárskej krízy a súčasný stav v ekonomike SR. HDP, zamestnanosť a nezamestnanosť, priemerná mzda, inflácia, zahraničný obchod. Dopad krízy na malé a stredné podnikanie. Potreba rozvoja ekonomiky SR cez transfer manažérskych a technologických poznatkov. Prioritné smery rozvoja regiónov SR p...
Uložené v:
| Hlavný autor: | |
|---|---|
| Ďalší autori: | |
| Médium: | Kapitola |
| Jazyk: | Slovak |
| Predmet: | |
| Tagy: |
Žiadne tagy, Buďte prvý, kto otaguje tento záznam!
|
MARC
| LEADER | 00000nla$a2200000$$$4500 | ||
|---|---|---|---|
| 001 | 0143256 | ||
| 005 | 20240502072552.4 | ||
| 041 | 0 | |a slo | |
| 044 | |a SK | ||
| 245 | 1 | 0 | |a Vplyv transferu manažérskych a technologických poznatkov na ekonomiku SR v období hospodárskej krízy |c Rozália Pétrová, Andrea Seňová |
| 520 | |a Vznik hospodárskej krízy a súčasný stav v ekonomike SR. HDP, zamestnanosť a nezamestnanosť, priemerná mzda, inflácia, zahraničný obchod. Dopad krízy na malé a stredné podnikanie. Potreba rozvoja ekonomiky SR cez transfer manažérskych a technologických poznatkov. Prioritné smery rozvoja regiónov SR podporením transferu manažérskych a technologických poznatkov do každodennej reality podnikateľských subjektov. Naznačenie súčasných a budúcich trendov hospodárskeho a ekonomického vývoja na príklade Košického kraja. | ||
| 610 | 2 | 0 | |a hospodárstvo národné |
| 610 | 2 | 0 | |a Slovensko |
| 610 | 2 | 0 | |a kríza hospodárska |
| 610 | 2 | 0 | |a ukazovatele makroekonomické |
| 610 | 2 | 0 | |a vedomosti |
| 610 | 2 | 0 | |a technológie znalostné |
| 610 | 2 | 0 | |a manažment znalostný |
| 610 | 2 | 0 | |a rozvoj regionálny |
| 100 | 1 | |a Pétrová, Rozália | |
| 700 | 1 | |a Seňová, Andrea | |